Normal view
MARC view
- سامي مهدي-الكتابة بلا انقطاع سامي مهدي يتحدث
Entry Topical Term
001 - CONTROL NUMBER
- control field: 50548
003 - CONTROL NUMBER IDENTIFIER
- control field: JO-AjAnu
005 - DATE AND TIME OF LATEST TRANSACTION
- control field: 20230606082324.0
008 - FIXED-LENGTH DATA ELEMENTS
- fixed length control field: 230606|| aca||aabn | a|a d
040 ## - CATALOGING SOURCE
- Original cataloging agency: JO-AjAnu
- Transcribing agency: JO-AjAnu
150 ## - HEADING--TOPICAL TERM
- Topical term or geographic name entry element: سامي مهدي-الكتابة بلا انقطاع سامي مهدي يتحدث
670 ## - SOURCE DATA FOUND
- Source citation: Work cat.: (JO-AjAnu)25841: عودة، أحمد عبد الحميد(هشام عودة), author 50547, الكتابة بلا انقطاع سامي مهدي يتحدث